ঢ়
ক্ষ
ড়
ঢ়
য়
র-ফলা‌‌‌
 
 
য-ফলা
ি
 
 
রেফ
 
 
 
যুক্ত করুন/হসন্ত
Space
Enter

প্রোগ্রামিংয়ের বলদ টু বস / (Record no. 570)

000 -LEADER
fixed length control field 00714nam a22002057a 4500
001 - CONTROL NUMBER
control field 20492
003 - CONTROL NUMBER IDENTIFIER
control field BD-DhUAP
005 - DATE AND TIME OF LATEST TRANSACTION
control field 20210118094757.0
008 - FIXED-LENGTH DATA ELEMENTS--GENERAL INFORMATION
fixed length control field 200123b2017 a|||| |||| 001 0 eng d
020 ## - INTERNATIONAL STANDARD BOOK NUMBER
International Standard Book Number 9789849266044
040 ## - CATALOGING SOURCE
Original cataloging agency BD-DhUAP
Language of cataloging Bng
Transcribing agency BD-DhUAP
Modifying agency BD-DhUAP
082 ## - DEWEY DECIMAL CLASSIFICATION NUMBER
Edition number 23
Classification number 005.262 MAH
100 ## - MAIN ENTRY--PERSONAL NAME
Personal name মাহবুব, ঝংকার।
245 ## - TITLE STATEMENT
Title প্রোগ্রামিংয়ের বলদ টু বস /
Statement of responsibility, etc. ঝংকার মাহবুব।
260 ## - PUBLICATION, DISTRIBUTION, ETC.
Place of publication, distribution, etc. ঢাকা :
Name of publisher, distributor, etc. আদর্শ,
Date of publication, distribution, etc. c ২০১৭।
300 ## - PHYSICAL DESCRIPTION
Extent ১২৭ পৃষ্ঠা :
Other physical details চিত্র ;
Dimensions ২২ সেমি.।
650 ## - SUBJECT ADDED ENTRY--TOPICAL TERM
Topical term or geographic name entry element Programming language
650 ## - SUBJECT ADDED ENTRY--TOPICAL TERM
Topical term or geographic name entry element Programmer.
942 ## - ADDED ENTRY ELEMENTS (KOHA)
Source of classification or shelving scheme
Koha item type Book
Holdings
Withdrawn status Lost status Source of classification or shelving scheme Damaged status Not for loan Permanent Location Current Location Shelving location Date acquired Full call number Barcode Date last seen Copy number Price effective from Koha item type Total Checkouts Date due Date last checked out Total Renewals
          UAP Central Library UAP Central Library General Stacks 2020-01-23 005.262 MAH 3010020582 2020-01-23 1 2020-01-23 Book        
          UAP Central Library UAP Central Library General Stacks 2020-01-23 005.262 MAH 3010020532 2026-04-28 2 2020-01-23 Book 1 2026-05-12 2026-04-28  
          UAP Central Library UAP Central Library General Stacks 2020-01-23 005.262 MAH 3010020531 2024-03-04 3 2020-01-23 Book 3   2024-01-17 2

All rights reserved © UAP Central Library,
University of Asia Pacific.